000 00764nam a22002537a 4500
003 0
005 20180801142734.0
008 0
010 _aB-227795
020 _c00.00
_a0070611122
035 _aB-227795, B-227797
037 _bCen Lib/Ret
040 _aDPL
_bEN
_c0
082 _a005.10
_bKIM
100 _aKimmel, Paul
_937849
245 _aUML demystified /
_cby Paul Kimmel
260 _aNew Delhi
_bTata McGraw-Hill Publishing
_c2005
270 _bNew Delhi
_e110008
_a7 West Patel Nagar
300 _axviii,235p. :
_c25cm(pbk)
_bill.
500 _aIncludes bibliographical references and index
650 _aUML (Computer science)
_937850
650 _aComputer software -- Development
_937160
942 _2ddc
_cEN
_h005.10
_mKIM
999 _c133401
_d133401